PROGRESS IN MEDICINE (Record no. 216483)

MARC details
000 -LEADER
fixed length control field 00455nam a22001577a 4500
008 - FIXED-LENGTH DATA ELEMENTS--GENERAL INFORMATION
fixed length control field 260119b |||||||| |||| 00| 0 eng d
020 ## - INTERNATIONAL STANDARD BOOK NUMBER
International Standard Book Number 978---93-569623-9
100 ## - MAIN ENTRY--PERSONAL NAME
Personal name PAL, JYOTIRMONY
245 ## - TITLE STATEMENT
Title PROGRESS IN MEDICINE
260 ## - PUBLICATION, DISTRIBUTION, ETC.
Place of publication, distribution, etc. NEW DELHI
Name of publisher, distributor, etc. JAYPEE BROTHERS
Date of publication, distribution, etc. 2024
300 ## - PHYSICAL DESCRIPTION
Extent XL, 738P.
500 ## - GENERAL NOTE
General note INCLUDES INDEX
650 ## - SUBJECT ADDED ENTRY
Topical term or geographic name entry element 1. MEDICINE - YEARBOOKS 2.MEDICAL SCIENCES - RESEARCH - PERIODICAL
942 ## - ADDED ENTRY ELEMENTS (KOHA)
Source of classification or shelving scheme Library of Congress Classification
Koha item type Long Loan Book
Holdings
Withdrawn status Lost status Source of classification or shelving scheme Damaged status Not for loan Collection Home library Current library Shelving location Date acquired Inventory number Total checkouts Full call number Barcode Date last seen Copy number Price effective from Koha item type
    Library of Congress Classification     Medicine Kisii University Library Kisii University Library On Display 01/19/2026 110929   RC 46 .P76 2024 V.34 000000018290 01/19/2026 C.1 01/19/2026 Long Loan Book
    Library of Congress Classification     Medicine Kisii University Library Kisii University Library On Display 01/19/2026 110930   RC 46 .P76 2024 V.34 000000018289 01/19/2026 C.2 01/19/2026 Long Loan Book
    Library of Congress Classification     Medicine Kisii University Library Kisii University Library On Display 01/19/2026 110931   RC 46 .P76 2024 V.34 000000018288 01/19/2026 C.3 01/19/2026 Long Loan Book
    Library of Congress Classification     Medicine Kisii University Library Kisii University Library On Display 01/19/2026 110932   RC 46 .P76 2024 V.34 000000018287 01/19/2026 C.4 01/19/2026 Long Loan Book